000 00461nam a22001697a 4500
005 20180810121340.0
008 160513b xxu||||| |||| 00| 0 eng d
020 _a81-203-0624-4
041 _aeng
082 _b2128
_a658.3
100 _aDecenzo,David A. and Robbins, Stephen P.
_94761
245 _aPersonal and Human Resource Management
260 _aNew Delhi
_bPrentice hall of India,
_c1998
300 _a629p,
650 _aManagement
_9241
942 _cBK
999 _c777
_d777